| 000 | 01266nam a2200289 a 4500 | ||
|---|---|---|---|
| 001 | ebr10467622 | ||
| 003 | CaPaEBR | ||
| 006 | m u | ||
| 007 | cr cn||||||||| | ||
| 008 | 110518s2011 enka s 001 0 eng d | ||
| 020 | _z9781849682527 | ||
| 020 | _z9781849682534 (e-book) | ||
| 040 |
_aCaPaEBR _cCaPaEBR |
||
| 035 | _a(OCoLC)732956480 | ||
| 050 | 1 | 4 |
_aHD30.28 _b.A76 2011eb |
| 100 | 1 | _aAronson, Bill. | |
| 245 | 1 | 0 |
_aOpen text metastorm ProVision 6.2 strategy implementation _h[electronic resource] : _bcreate and implement a successful business strategy for improved performance throughout the whole enterprise / _cBill Aronson. |
| 260 |
_aBirmingham, U.K. : _bPackt Enterprise, _c2011. |
||
| 300 |
_av, 239 p. : _bill. (some col.) |
||
| 500 | _a"Professional experience distilled"--Cover. | ||
| 500 | _aIncludes index. | ||
| 533 |
_aElectronic reproduction. _bPalo Alto, Calif. : _cebrary, _d2011. _nAvailable via World Wide Web. _nAccess may be limited to ebrary affiliated libraries. |
||
| 650 | 0 |
_aBusiness planning _xComputer programs. |
|
| 655 | 7 |
_aElectronic books. _2local |
|
| 710 | 2 | _aebrary, Inc. | |
| 856 | 4 | 0 |
_uhttp://site.ebrary.com/lib/rucke/Doc?id=10467622 _zAn electronic book accessible through the World Wide Web; click to view |
| 999 |
_c131492 _d131492 |
||